From micro-finance to the building of local institutions:the origins and evolution of the micro -credit programme of the opp's orangi charitable trust, Karachi, Pakistan (Record no. 443182)

000 -LEADER
fixed length control field 00748cam a22001817a 4500
008 - FIXED-LENGTH DATA ELEMENTS--GENERAL INFORMATION
fixed length control field 180718b2012 xxu||||| |||| 00| 0 eng d
020 ## - INTERNATIONAL STANDARD BOOK NUMBER
International Standard Book Number 9780199065097
082 ## - DEWEY DECIMAL CLASSIFICATION NUMBER
Classification number T421x547 H27
100 ## - MAIN ENTRY--PERSONAL NAME
Personal name Hasan, Arif
245 ## - TITLE STATEMENT
Title From micro-finance to the building of local institutions:the origins and evolution of the micro -credit programme of the opp's orangi charitable trust, Karachi, Pakistan
Statement of responsibility, etc. by Arif Hasan and Mansoor Raza
260 ## - PUBLICATION, DISTRIBUTION, ETC.
Place of publication, distribution, etc. New York
Name of publisher, distributor, etc. Oxford
Date of publication, distribution, etc. 2012
300 ## - PHYSICAL DESCRIPTION
Extent 210p.
650 ## - SUBJECT ADDED ENTRY--TOPICAL TERM
Topical term or geographic name entry element Charitable uses, trusts, and foundations --Pakistan --Karachi
650 ## - SUBJECT ADDED ENTRY--TOPICAL TERM
Topical term or geographic name entry element Endowments --Pakistan --Karachi
650 ## - SUBJECT ADDED ENTRY--TOPICAL TERM
Topical term or geographic name entry element Microfinance --Pakistan --Karachi
650 ## - SUBJECT ADDED ENTRY--TOPICAL TERM
Topical term or geographic name entry element Orangi Pilot Project --History
650 ## - SUBJECT ADDED ENTRY--TOPICAL TERM
Topical term or geographic name entry element Orangi Charitable Trust --History
Holdings
Withdrawn status Lost status Damaged status Not for loan Permanent Location Current Location Date acquired Full call number Barcode Date last seen Price effective from Koha item type
        Indian Institute of Public Administration Indian Institute of Public Administration 2013-03-11 T421x547 H27 85055 2018-07-21 2018-07-21 Book

Powered by Koha